[Event "First Saturday 2009 oktober GM"]
[Site "Budapest"]
[Date "2009.10.11"]
[Round "9"]
[White "Esen, Baris"]
[Black "Shankland, Samuel"]
[Result "1-0"]
[WhiteElo "2494"]
[BlackElo "2474"]
[PlyCount "47"]
[EventDate "2009.10.03"]

1. d4 Nf6 2. c4 c5 3. d5 e6 4. Nc3 exd5 5. cxd5 d6 6. e4 g6 7. h3 Bg7 8. Nf3
O-O 9. Bd3 Na6 10. O-O Bd7 11. Bf4 Qb6 12. Qd2 Rfe8 13. Rfe1 Nc7 14. a4 a5 15.
Bc4 Rad8 16. e5 dxe5 17. Nxe5 Bf5 18. Nxf7 Kxf7 19. Bxc7 Qxc7 20. d6+ Kf8 21.
Rxe8+ Nxe8 22. Qd5 Nxd6 23. Qg8+ Ke7 24. Qxg7+ 1-0

[Event "First Saturday 2009 oktober GM"]
[Site "Budapest"]
[Date "2009.10.11"]
[Round "9"]
[White "Szabo, Krisztian"]
[Black "Erdelyi, Zombor"]
[Result "1-0"]
[WhiteElo "2489"]
[BlackElo "2380"]
[PlyCount "89"]
[EventDate "2009.10.03"]

1. e4 c5 2. Nf3 d6 3. d4 cxd4 4. Nxd4 Nf6 5. Nc3 a6 6. Be3 e5 7. Nb3 Be6 8. f3
Be7 9. Qd2 O-O 10. O-O-O Nbd7 11. g4 b5 12. g5 b4 13. Ne2 Ne8 14. f4 a5 15. f5
a4 16. Nbd4 exd4 17. Nxd4 b3 18. Kb1 bxc2+ 19. Nxc2 Bb3 20. axb3 axb3 21. Na3
Ne5 22. Qg2 Qb8 23. f6 Bd8 24. Rd5 Ra5 25. Be2 Rxd5 26. exd5 Bb6 27. Bc1 Nc7
28. h4 Qb7 29. Rd1 Bc5 30. h5 Qc8 31. Bd3 Nxd3 32. Rxd3 Qf5 33. Qf3 Qxf3 34.
Rxf3 Rb8 35. Nc4 Nxd5 36. Rd3 Rb4 37. Nxd6 Nf4 38. Rd1 Bxd6 39. Rxd6 h6 40.
fxg7 Kxg7 41. Bd2 Rc4 42. Bc3+ Kf8 43. gxh6 Ne2 44. Bg7+ Ke7 45. Rd1 1-0

[Event "First Saturday 2009 oktober GM"]
[Site "Budapest"]
[Date "2009.10.11"]
[Round "9"]
[White "Solomon, Kenny"]
[Black "Czebe, Attila"]
[Result "0-1"]
[WhiteElo "2369"]
[BlackElo "2485"]
[PlyCount "60"]
[EventDate "2009.10.03"]

1. d4 e6 2. c4 b6 3. e4 Bb7 4. Bd3 Nc6 5. Ne2 g6 6. Nbc3 Bg7 7. Be3 Nge7 8. d5
Ne5 9. Rc1 O-O 10. b3 Nxd3+ 11. Qxd3 c5 12. O-O exd5 13. exd5 Nf5 14. Bd2 d6
15. Ne4 h6 16. g4 Nh4 17. Bf4 Bc8 18. f3 f5 19. Nd2 Qf6 20. Kh1 g5 21. Bg3 Ng6
22. Kg1 f4 23. Ne4 Qe7 24. Be1 Ne5 25. Qc2 Nxf3+ 26. Rxf3 Bxg4 27. Rf2 Bf5 28.
N2c3 Rae8 29. Re2 f3 30. Re3 Bd4 0-1

[Event "First Saturday 2009 oktober GM"]
[Site "Budapest"]
[Date "2009.10.11"]
[Round "9"]
[White "Fodor, Tamas Jr"]
[Black "Ilincic, Zlatko"]
[Result "1/2-1/2"]
[WhiteElo "2430"]
[BlackElo "2474"]
[PlyCount "91"]
[EventDate "2009.10.03"]

1. d4 Nf6 2. c4 e6 3. Nc3 Bb4 4. Qc2 O-O 5. e4 c5 6. e5 Ne8 7. a3 Bxc3+ 8. bxc3
f5 9. exf6 gxf6 10. Bd3 Rf7 11. Nf3 b6 12. Be4 d5 13. cxd5 exd5 14. Bd3 c4 15.
Be2 Ng7 16. O-O Nc6 17. Nh4 f5 18. g3 f4 19. Bf3 Bh3 20. Ng2 Ne6 21. Qd1 Qd6
22. a4 Kh8 23. Ra2 Rg8 24. Re1 Rf6 25. Kh1 Bxg2+ 26. Bxg2 fxg3 27. fxg3 Ng5 28.
Bf4 Qd7 29. Qh5 Rf5 30. Qh4 Qf7 31. Rae2 Ne4 32. Qh6 Rf6 33. Qh4 Nxc3 34. Be5
Nxe5 35. dxe5 Re6 36. Re3 Ne4 37. Bxe4 dxe4 38. Rxe4 c3 39. Kg1 Rc8 40. Rc4 Qd7
41. Rxc8+ Qxc8 42. Qd4 Qc5 43. Qxc5 bxc5 44. Kf2 c2 45. Rc1 Rxe5 46. Rxc2
1/2-1/2

[Event "First Saturday 2009 oktober GM"]
[Site "Budapest"]
[Date "2009.10.11"]
[Round "9"]
[White "Varga, Zoltan"]
[Black "Wittmann, Walter"]
[Result "1/2-1/2"]
[WhiteElo "2481"]
[BlackElo "2291"]
[PlyCount "32"]
[EventDate "2009.10.03"]

1. c4 c5 2. Nf3 Nc6 3. d4 cxd4 4. Nxd4 e5 5. Nb5 a6 6. Nd6+ Bxd6 7. Qxd6 Qf6 8.
Qd2 Nge7 9. Nc3 O-O 10. b3 b5 11. e3 b4 12. Nd5 Nxd5 13. cxd5 Ne7 14. Qxb4 Nxd5
15. Qe4 Bb7 16. Bc4 Nb4 1/2-1/2